Κανόνες λειτουργίας της αναλυτικής λογιστικής της εκμεταλλεύσεως-Εφαρμογή σε βιομηχανική επιχείρηση : πτυχιακή εργασία
Αποθηκεύτηκε σε:
| Κύριος συγγραφέας: | |
|---|---|
| Συγγραφή απο Οργανισμό/Αρχή: | |
| Άλλοι συγγραφείς: | |
| Μορφή: | Thesis Βιβλίο |
| Γλώσσα: | Greek |
| Δημοσίευση: |
2002
|
| Θέματα: | |
| Ετικέτες: |
Προσθήκη ετικέτας
Δεν υπάρχουν, Καταχωρήστε ετικέτα πρώτοι!
|
MARC
| LEADER | 00000cam a2200000 i 4500 | ||
|---|---|---|---|
| 001 | 1/45013 | ||
| 008 | 031112s2002 gre d | ||
| 035 | |l 10071650 | ||
| 040 | |a GR-MY-UA |b gre |e aacr | ||
| 041 | 0 | |a gre | |
| 082 | 0 | |a 657.42 |2 (22) | |
| 100 | 1 | |a Παπαπαναγιώτου, Ευαγγελία. | |
| 245 | 1 | 0 | |a Κανόνες λειτουργίας της αναλυτικής λογιστικής της εκμεταλλεύσεως-Εφαρμογή σε βιομηχανική επιχείρηση : |b πτυχιακή εργασία / |c Παπαπαναγιώτου Ευαγγελία ; επιβλέπων: Θεοχάρης Μπαλής |
| 260 | |c 2002 | ||
| 300 | |a 284 σ.; |b διαγρ., πιν.; |c 30 εκ. | ||
| 502 | # | # | |a Πτυχιακή εργασία – Πανεπιστήμιο Αιγαίου, Χίος, 2002. |
| 504 | |a Περιλαμβάνει βιβλιογραφία | ||
| 610 | 2 | 0 | |a Πανεπιστήμιο Αιγαίου. |
| 650 | 0 | 0 | |a Cost accounting. |
| 650 | 0 | 0 | |a Accounting |x Problems, exercises, etc. |
| 650 | 0 | 0 | |a Business enterprises |x Case studies. |
| 700 | 1 | |a Μπαλής, Θεοχάρης. |4 ths | |
| 710 | 1 | |a Πανεπιστήμιο Αιγαίου |b Σχολή Επιστημών της Διοίκησης |b Τμήμα Διοίκησης Επιχειρήσεων - Τ.Δ.Ε. | |
| 852 | |a INST |b CHIOS |c DIATR |e 20031112 |h 657.42 ΠΑΠ |p 005200012905 |q 005200012905 |t DIE |y 23 | ||
| 852 | |a INST |b CHIOS |c DIATR |e 20031112 |h 657.42 ΠΑΠ |p 005200012906 |q 005200012906 |t DIE |y 23 | ||
| 901 | |a BIBL2-2003-3 | ||
| 909 | |a Χ |b 106635 | ||
| 909 | |a Χ |b 106636 | ||
| 924 | |a ΠΑΠΑΠΑΝΑΓΙΩΤΟΥ |b ΕΥΑΓΓΕΛΙΑ |y ΧΙΟΣ |z 2003-11 | ||
| 970 | |a ΒΑΣΙΛΑΚΗ |b ΝΙΚΗ |z 2003/11/12 | ||